LEADER 01094nam a2200253 i 4500 001 000000161788 003 CaOOAMICUS 005 20080123000000.0 008 080123s1984 it u000 u ita u 013 $a139151 040 $aSeMil$bita 100 1 $aMaggiolini, Alessandro .$0(OLS)http://semarc/name/7299 245 10$aQuotidianità :$bmeditazioni mattutine /$cSandro Maggiolini. 260 $aCasale Monferrato (AL) :$bEdizioni Piemme di Pietro Marietti,$c1984. 300 $a83 p. ;$c21 cm. 500 $aFondo Card. Giovanni Colombo. 650 4$aVita cristiana - Meditazioni.$0(OLS)http://semarc/subject/1353 650 4$aQuotidianità - Meditazioni.$0(OLS)http://semarc/subject/17685 850 $aSeMil 852 $aSeMil$W1$xVenegono$y1$m3F III 403$j113165$B113165$CSeMilBibl$Z2$F133788 $81 941 1 $a3 961 $aLascito: Colombo Card. Giovanni 996 $6245$aQuotidianità :$bmeditazioni mattutine$9(OLS)http://semarc/title/145095 996 $6260$aCasale Monferrato (AL) :$bEdizioni Piemme di Pietro Marietti$9(OLS)http://semarc/publisher/33528 LEADER 00969nam a2200217 i 4500 001 000000197662 003 CaOOAMICUS 005 20110218000000.0 008 110218s1937 it u000 u ita u 013 $a176349 040 $aSeMil$bita 245 12$aL'ora di guardia :$bmetodo pratico per far bene L'ora del Rosario Perpetuo /$cAssociazione del Rosario Perpetuo i Italia diretta dai Padri Domenicani. 250 $aEdizione 18ª. 260 $aFirenze :$bConvento di S. Maria Novella,$c1937. 300 $a68 p., [1] c. di tav. ;$c14 cm. 650 4$aRosario - Meditazioni.$0(OLS)http://semarc/subject/5135 850 $aSeMil 852 $aSeMil$W1$xVenegono$y1$m5D VIII 11/32$j148218$B148218$CSeMilBibl$Z2$F159640 $81 961 $aOmaggio: Altro 996 $6245$aL'ora di guardia :$bmetodo pratico per far bene L'ora del Rosario Perpetuo$9(OLS)http://semarc/title/285443 996 $6260$aFirenze :$bConvento di S. Maria Novella$9(OLS)http://semarc/publisher/30745